• 首页
  • 本馆介绍
  • 公告通知
  • 最新文献
  • 馆藏检索
  • 电子资源
  • 读者导购
  • 参考咨询
  • 我的图书馆
  • 登录
  • 详细信息显示
  • 放入我的书架
  • 预约/预借图书
  • 作者相关作品
  • 分类相关作品
  • 丛书相关作品
  • 出版社相关作品

书目信息

  • 表格格式
  • 工作单格式
  • 卡片格式
题名:
自然哲学之数学原理
    
 
作者: 牛顿 著 ;王克迪 译
分册:  
出版信息: 北京   北京大学出版社  2018
页数: 25, 363页
开本: 27cm
丛书名: 科学元典丛书
单 册:
中图分类: O301
科图分类:
主题词: 牛顿运动定律--niu dun yun dong ding lv
电子资源:
ISBN: 978-7-301-29234-1
000 01005cam 2200277 450
001 012001000200
005 20131105143116.0
010    @a978-7-301-29234-1@b精装@dCNY168.00
099    @aCAL 012018087006
100    @a20180329d2018 em y0chiy50 ea
101 1  @achi@ceng
102    @aCN@b110000
105    @aach z 000yy
106    @ar
200 1  @a自然哲学之数学原理@Azi ran zhe xue zhi shu xue yuan li@d= Mathematical principles of natural philosophy@f(英) 牛顿著@g王克迪译@zeng
210    @a北京@c北京大学出版社@d2018
215    @a25, 363页@c图 (部分彩图), 肖像, 摹真@d27cm
225 2  @a科学元典丛书@Ake xue yuan dian cong shu@e彩图珍藏版
410  0 @12001 @a科学元典丛书
500 10 @aMathematical principles of natural philosophy@mChinese
606 0  @a牛顿运动定律@Aniu dun yun dong ding lv
690    @aO301@v5
701  1 @a牛顿@Aniu dun@g(Newton, Isaac),@f1643-1727@4著
702  0 @a王克迪@Awang ke di@4译
801  0 @aCN@b北京卓展文化@c20191020
905    @b1195655-6@dO301@e84@f2
    
    自然哲学之数学原理= Mathematical principles of natural philosophy/(英) 牛顿著/王克迪译.-北京:北京大学出版社,2018
    25, 363页:图 (部分彩图), 肖像, 摹真;27cm.-(科学元典丛书:彩图珍藏版)
    
    
    ISBN 978-7-301-29234-1(精装):CNY168.00
    
●
相关链接 在E读中查询图书 在五车中查询图书 在当当中查询图书 在豆瓣中查询图书


正题名:自然哲学之数学原理     索取号:O301/84         预约/预借

序号 登录号 条形码 馆藏地/架位号 状态 备注
1 1195655   211956551   第二样本阅览室/ [索取号:O301/84] 在馆    
2 1195656   211956560   第三借阅区/ [索取号:O301/84] 在馆    
唐山师范学院图书馆 欢迎您!
大连网信软件有限公司© 版权所有